| 000 | 01443cam a2200349 i 4500 | ||
|---|---|---|---|
| 001 | 25177 | ||
| 003 | Mx-PuUPA | ||
| 005 | 20251010115428.0 | ||
| 008 | 140415s1995 mx a gr 001 0dspa d | ||
| 020 | _a9786076058343 | ||
| 040 |
_cMx-PuUPA _aMx-PuUPA _bspa _dMx-PuUPA _erda |
||
| 041 | 0 | _aspa | |
| 100 | 1 |
_aGurría, Ángela, _d1929- _917429 _eautor |
|
| 245 | 1 | 0 |
_aÁngela Gurria : _bseñales / _cÁngela Gurría ; Instituto Nacional de Bellas Artes [editor] ; Alejandra de la Paz, coordinación general |
| 250 | _aPrimera edición | ||
| 264 | 1 |
_aPuebla, México : _bInstituto Nacional de Bellas Artes y Literatura, _c©2024 |
|
| 300 |
_a231 páginas : _bilustraciones, fotografías (principalmente a color) ; _c31 cm |
||
| 336 |
_2rdacontent _atexto _btxt |
||
| 337 |
_2rdamedia _asin medio _bn |
||
| 338 |
_2rdacarrier _avolumen _bnc |
||
| 600 | 1 | 4 |
_aGurría, Ángela, _d1929- _vExposiciones |
| 650 | 7 |
_2armarc _aArte _vCatálogo de exposiciones |
|
| 650 | 7 |
_2armarc _aEscultoras _zMéxico _vExposiciones |
|
| 650 | 7 |
_2armarc _aEscultura mexicana _zExposiciones |
|
| 650 | 7 |
_2armarc _aEscultura _ySiglo XX _vExposiciones |
|
| 700 | 1 |
_aPaz, Alejandra de la, _ecoordinador _917428 |
|
| 710 | 1 |
_aInstituto Nacional de Bellas Artes, _eeditor |
|
| 942 |
_2ddc _cLI _h735.230972 _iA58 |
||
| 999 |
_c25177 _d25177 |
||